ბათუმის შოთა რუსთაველის სახელმწიფო უნივერსიტეტის ბიბლიოთეკა

Технология перевода. (ბიბ.ჩანაწერი № 35127)

000 -LEADER
fixed length control field 00715nam a2200241Ia 4500
001 - CONTROL NUMBER
control field 968
003 - CONTROL NUMBER IDENTIFIER
control field GE_BSU
008 - FIXED-LENGTH DATA ELEMENTS--GENERAL INFORMATION
fixed length control field 181216s||||||||xx |||||||||||||| ||und||
020 ## - INTERNATIONAL STANDARD BOOK NUMBER
International Standard Book Number 5891910225
040 ## - CATALOGING SOURCE
Transcribing agency GE_BSU
080 ## - UNIVERSAL DECIMAL CLASSIFICATION NUMBER
Universal Decimal Classification number 81(075.8)
100 ## - MAIN ENTRY--PERSONAL NAME
Personal name Латышев,Л.К.
245 ## - TITLE STATEMENT
Title Технология перевода.
245 ## - TITLE STATEMENT
Remainder of title Учебное пособие по подготовке переводчиков(с немецким языком)
260 ## - PUBLICATION, DISTRIBUTION, ETC.
Place of publication, distribution, etc. Москва
260 ## - PUBLICATION, DISTRIBUTION, ETC.
Name of publisher, distributor, etc. НВИ-Тезаурус
260 ## - PUBLICATION, DISTRIBUTION, ETC.
Date of publication, distribution, etc. 2001
300 ## - PHYSICAL DESCRIPTION
Extent 280стр.
653 ## - INDEX TERM--UNCONTROLLED
Uncontrolled term Технология перевода.
653 ## - INDEX TERM--UNCONTROLLED
Uncontrolled term თარგმნის თეორია
942 ## - ADDED ENTRY ELEMENTS (KOHA)
Koha item type წიგნი
ეგზემპლარები
Withdrawn status Lost status Damaged status Not for loan Date acquired Barcode Date last seen Price effective from Koha item type
        2018-12-17 1735 2018-12-17 2018-12-17 წიგნი